|
|
|
|
| LEADER |
00000nab a2200000 a 4500 |
| 001 |
vtls010278527 |
| 003 |
SK-MaSNL |
| 005 |
20260305022226.0 |
| 008 |
110516c2010 xo r m 000 00cze |
| 015 |
|
|
|a SNBRA2011/05SVKPO
|
| 038 |
|
|
|a SVKPO
|
| 040 |
|
|
|a SVKPOCL
|b slo
|c SVKPOCL
|e AACR2
|
| 041 |
0 |
|
|a cze
|
| 044 |
|
|
|a xo
|c SK
|
| 080 |
|
|
|a 82.0:82-1/-9
|2 2001
|
| 080 |
|
|
|a 82.0:821.161.1
|2 2001
|
| 080 |
|
|
|a 82-1/-9
|2 2001
|
| 100 |
1 |
|
|a Pospíšil, Ivo,
|d 1952-
|4 aut
|9 14288
|
| 245 |
1 |
0 |
|a Genologie dnes a jeden ruský příklad
|c Ivo Pospíšil
|
| 504 |
|
|
|a Bibliogr. odkazy
|
| 650 |
0 |
7 |
|a literárna veda
|2 svkpocl
|9 1137
|
| 650 |
0 |
7 |
|a literárne žánre
|2 svkpocl
|9 58545
|
| 650 |
0 |
7 |
|a ruská literatúra
|x genológia
|2 svkpocl
|9 1599567
|
| 650 |
0 |
7 |
|a genológia
|2 svkpocl
|9 24145
|
| 773 |
0 |
|
|t Genologické a medziliterárne štúdie 2 / zostavila: Viera Žemberová.
|d Prešov : Filozofická fakulta Prešovskej univerzity, 2010.
|g S. 7-12
|z 9788055501871
|
| 852 |
|
|
|a SVKPO
|b KIS3GCP
|
| 958 |
|
|
|a SK
|
| 958 |
|
|
|a NB
|
| 958 |
|
|
|a CZ
|
| 958 |
|
|
|a LX
|
| 999 |
|
|
|c 3289647
|d 3291577
|